000 00916nam a22002055i 4500
001 162423
003 ES-MaACL
005 20230906212525.0
008 020510s1903 sp |||| | spa d
040 _aCAM
_bspa
_cCAM
100 1 _aPonson du Terrail, Pierre Alexis de.
_993038
245 1 0 _aRocambole
_b: melodrama en cinco actos y un prólogo, dividido en diez cuadros /
_carreglo hecho de la obra francesa de Ponson du Terrail por José Sánchez Gerona y Eduardo Carrió.
260 _aMadrid :
_b[s.n.],
_c1903 (
_fImprenta de Valero Diaz)
300 _a169 p. ;
_c20 cm.
500 1 _aEstrenado en el Teatro de Novedades de Madrid la noche del 26 de noviembre de 1902.
596 1 _aEn verso de la antep. consta: "... Socieda de Autores Españoles ..."
700 1 1 _aCarrió, Eduardo,
_eadapt.
_9126360
700 1 1 _aSánchez Gerona, José,
_eadapt.
_9133011
852 _aES-MaACL
_jD-1441
_z-- Enc. hol.
999 _c162423
_d162423